000 00740nam a22001937a 4500
999 _c12836
_d12836
003 AR-CdUCM
008 190410b ||||| |||| 00| 0 spa d
040 _aMUNICIPALIDAD PROVINCIAL DEL CUSCO
_cBIBLIOTECA MUNICIPAL DEL CUSCO
082 _a869.56 /
_bT72
100 _aToro Montalvo, César
_912608
245 _aLas crías de los huevos de mármol /
260 _aLima :
_bKollaw,
_c1972.
300 _a102 páginas ;
_bIlustraciones,
_c25 cm.
505 _aContenido: Casa de Maqui -- Don y pez para la resurrección de rulo & bertú -- Bequebi -- Mimú niña madre de teteras y gorditas -- Muñeca perfumadora ...
650 _aLiteratura infantil
_9588
650 _aCuentos
_9217
942 _2ddc
_cLIBROS
945 _aacv
_d2019-04-10